000 00333nam a2200133 i 4500
001 bg
100 1 _aSCHWETLICK, Klaus
245 0 _aKinetyczne metody badania mechanizmów reakcji /
_cKlaus Schwetlick.
260 _aWarszawa,
_c1975.
040 _cBPK
041 _apol
942 _cKS
008 s pl f |000 0 pol
999 _c16110
_d16110
856 _uhttp://koha.tu.koszalin.pl/cgi-bin/koha/opac-detail.pl?biblionumber=16110
_yKatalog online BPK